| 000 | 00865pam a2200265 a 4500 | ||
|---|---|---|---|
| 001 | 533749 | ||
| 003 | OSt | ||
| 005 | 20140310182255.0 | ||
| 008 | 870826s1988 nyu j 000 1 eng | ||
| 010 | _a 87025658 | ||
| 020 | _a038529624X | ||
| 040 |
_aDLC _cDLC _dDLC |
||
| 042 | _alcac | ||
| 050 | 0 | 0 |
_aPZ 7.W7245 _b.W766 1988 |
| 082 |
_aFIC _bW72h 1988 |
||
| 100 | 1 |
_aWindsor, Patricia. _920290 |
|
| 245 | 1 | 4 |
_aThe hero / _cPatricia Windsor. |
| 260 |
_aNew York, N.Y. : _bDelacorte Press, _cc1988. |
||
| 300 |
_a224 p. ; _c22 cm. |
||
| 520 | _aWhen Dale's nightmarish dreams start coming true, he learns he possesses a gift which can be denied or developed, but his life will never be the same again. | ||
| 650 | 1 |
_aExtrasensory perception _xFiction. _920291 |
|
| 906 |
_a7 _bcbc _corignew _d1 _eocip _f19 _gy-gencatlg |
||
| 942 |
_2lcc _cBK-FIC |
||
| 999 |
_c11451 _d11451 |
||